Kod adı Susurluk (Record no. 12590)

MARC details
000 -BAŞLIK
Sabit Uzunlukta Kontrol Alanı 00857na a2200289 4500
001 - KONTROL NUMARASI
Denetim Alanı 24640
003 - KONTROL NUMARASI IDENTIFIER
Denetim Alanı Milas
005 - SON İŞLEM TARİHİ VE ZAMANI
Denetim Alanı 20190109124342.0
008 - SABİT-BOY VERİ ELEMANLARI - GENEL BİLGİLER
Sabit Uzunlukta Kontrol Alanı 190104b tu 000 0
020 ## - ULUSLARARASI STANDART KİTAP NUMARASI
Uluslararası Standart Kitap Numarası 9755211640
041 ## - DİL KODU
Metin / Ses Parça Veya Ayrı Başlığın Dil Kodu tur
082 ## - DEWEY ONLU SINIFLANDIRMA NUMARASI
Sınıflandırma Numarası 364.10609561
Ürün Numarası S23k 1998
090 ## - SINIFLAMA NUMARASI
Sınıflama Numarası 364.10609561 S23k 1998
100 ## - ANA GİRİŞ - KİŞİSEL İSİM
Kişisel Ad Sağlar, Fikri
245 ## - BAŞLIK TABLOSU
Başlık Kod adı Susurluk
Başlığın Kalan 'derin' ilişkiler
Sorumluluk Tablosu, Vb Fikri Sağlar, Emin Özgönül
246 ## - UNVAN FORM VARYING
Başlık Doğru / Kısa Başlığı 'derin' ilişkiler
260 ## - YAYIN, DAĞITIM, VB
Yayın, Dağıtım, Vb Yeri İstanbul
Yayıncı, Dağıtıcı, Vs Adı Boyut Kitapları
Yayın, Dağıtım, Vb Tarihi 1998
300 ## - FİZİKSEL TANIM
Kapsam 399 s.
Boyutlar 21 sm.
440 ## - SERİSİ TABLOSU / KATMA GİRİŞİ - BAŞLIK
Başlık Boyut kitapları
490 ## - SERİSİ TABLOSU
Seri Beyanı Siyaset yazıları dizisi
Hacim / Ardışık Tanımı 8
650 ## - KONU KATMA GİRİŞ - TOPİKAL DÖNEM
Topikal Süreli Veya Coğrafi Ad Giriş Elemanı Organize suçlar
Genel Alt Bölümü Susurluk olayı
Coğrafi Alt Bölümü Türkiye
650 ## - KONU KATMA GİRİŞ - TOPİKAL DÖNEM
Topikal Süreli Veya Coğrafi Ad Giriş Elemanı Türkiye
Genel Alt Bölümü Derin devlet
650 ## - KONU KATMA GİRİŞ - TOPİKAL DÖNEM
Topikal Süreli Veya Coğrafi Ad Giriş Elemanı Türkiye
Genel Alt Bölümü Mafya
650 ## - KONU KATMA GİRİŞ - TOPİKAL DÖNEM
Topikal Süreli Veya Coğrafi Ad Giriş Elemanı Siyaset ve yönetim
Genel Alt Bölümü Türkiye
700 ## - KATMA GİRİŞ - KİŞİSEL İSİM
Kişisel Ad Özgönül, Emin
740 ## - KATMA GİRİŞ - KONTROLSUZ İLGİLİ / ANALİTİK BAŞLIK
Kontrol Edilmeyen / İlgili Analitik Başlıktaki 'derin' ilişkiler
999 ## - SİSTEM KONTROL NUMARALARI (KOHA)
Koha Biblionumber 12590
Koha Biblioitemnumber 12590
Holdings
Kalıcı Konum Mevcut Konum Edinme Tarihi Edinim Kaynak Toplam Check-Out'Lar Tam Çağrı Numarası Barkod Tarih Son Görülme İtibaren Geçerli Fiyatlar Koha Öğesi Türü
CHP Kütüphanesi CHP Kütüphanesi 01/09/2019 Bağış   364.10609561 S23k 1998 018717 01/09/2019 01/09/2019 Books